Statistics for Best Selling Artists by Letter Quiz

Click here to take the quiz!

General Stats

  • This quiz has been taken 38,242 times
    (24,982 since last reset)
  • The average score is 13 of 25

Answer Stats

LetterSalesSongMusical Act% Correct
B178 mHey JudeThe Beatles
95%
C50 mMy Heart Will Go OnCeline Dion
86%
M79 mMan in the MirrorMichael Jackson
83%
W57 mI Will Always
Love You
Whitney Houston
81%
A72 mThunderstruckAC/DC
78%
L112 mStairway to HeavenLed Zeppelin
74%
U52 mBeautiful DayU2
69%
Q35 mBicycle RaceQueen
68%
E136 mHeartbreak HotelElvis Presley
62%
Z25 mSharp Dressed ManZZ Top
57%
O27 mCrazy TrainOzzy Osbourne
56%
P75 mComfortably NumbPink Floyd
55%
D35 mPour Some
Sugar On Me
Def Leppard
53%
S48 mThat Don't Impress
Me Much
Shania Twain
51%
V57 mHot for TeacherVan Halen
47%
K48 mForever in LoveKenny G
44%
H23 mBaracudaHeart
42%
F50 mLandslideFleetwood Mac
41%
J48 mAny Way You Want ItJourney
41%
R67 mWild HorsesThe Rolling Stones
41%
G137 mFriends in Low PlacesGarth Brooks
35%
Y14 mOwner of a Lonely
Heart
Yes
33%
N50 mGirl, You'll Be a
Woman Soon
Neil Diamond
21%
T38 mHumble and KindTim McGraw
13%
I16 mBetween the SheetsIsley Brothers
8%

Score Distribution

Percentile by Number Answered

Percent of People with Each Score

Your Score History

You have not taken this quiz since the last reset